| 000 | 01047nam a22002897a 4500 | ||
|---|---|---|---|
| 005 | 20201128021211.0 | ||
| 008 | 150215s2012 xxua frb 001 0 eng d | ||
| 020 | _a9781259009457 | ||
| 020 | _a1259099459 | ||
| 040 | _aEG-ScBUE | ||
| 043 | _an-us--- | ||
| 082 | 0 | 0 |
_222 _a658.4 _bSTE |
| 100 | 1 |
_9422 _aSteiner, John F. |
|
| 245 | 1 | 0 |
_aBusiness, government and society : _ba managerial perspective, text and cases / _cJohn F. Steiner, George A. Steiner. |
| 250 |
_a13th ed., _binternational ed. |
||
| 260 |
_aNew York, United States : _bMcGraw-Hill Education, _c2012. |
||
| 300 |
_axvi, 696 p. : _bill. ; _c23 cm. |
||
| 500 | _aindex : p. 675-696. | ||
| 504 | _aIncludes bibliographical references. | ||
| 650 | 0 |
_aIndustries _xSocial Aspects _zUnited States _9424 |
|
| 650 | 0 |
_aIndustrial policy _zUnited States _910437 |
|
| 650 | 0 |
_aSocial responsibility of business _zUnited States _937401 |
|
| 653 |
_bBUSADM _cFebruary2015 |
||
| 655 |
_vreading book _934232 |
||
| 700 | 1 |
_aSteiner, George Albert, _d1912- _937402 |
|
| 942 |
_2ddc _k658.4 STE |
||
| 999 |
_c18973 _d18945 |
||